000 00911nam a22002057a 4500
003 OSt
005 20131111131613.0
008 130528s1996 sp ||||| |||| 00| 0 spa d
020 _a843680984X
040 _cCDMR
100 1 _93526
_aFrattini, Eric
245 1 0 _aTiburones de la comunicación
_b: grandes líderes de los grupos multimedia
_cEric Frattini, Yolanda Colías
260 _aMadrid
_bPirámide
_c1996
300 _a341 p.
500 _ainclou els perfils de Silvio Berlusconi, Rupert Murdoch, Robert Edward "Ted" Turner III, Jesús de Polanco, Katherine Graham, Arthur Ochs Sulzberger, Tony O'Reilly, Emilio Azcárraga, Reinhard Mohn, Jean-Luc Lagardère, Robert Hersant i Conrad Black.
650 0 4 _93534
_aMitjans de comunicació de massa
_xDirecció i administració
650 0 4 _92807
_aMitjans de comunicació de massa
_xAspectes polítics
700 1 _93527
_aColías, Yolanda
942 _2udc
_cMON
999 _c6326
_d6326